[Event "5th HD Bank Cup 2015"]
[Site "Ho Chi Minh City VIE"]
[Date "2015.03.21"]
[Round "7.30"]
[White "Vo, Thi Kim Phung"]
[Black "Nguyen, Sy Hung"]
[Result "0-1"]
[WhiteTitle "WIM"]
[WhiteElo "2197"]
[BlackElo "2113"]
[WhiteFideId "12401838"]
[BlackFideId "12401374"]
[EventDate "2015.03.17"]

1. d4 Nf6 2. Bg5 d5 3. e3 c6 4. c3 Bf5 5. Qb3 Qb6 6. Bxf6 exf6 7. Nd2 Nd7 8.
Ngf3 Bd6 9. c4 Qxb3 10. axb3 O-O 11. Nh4 Be6 12. c5 Bc7 13. b4 f5 14. Bd3 f4 15.
exf4 Bxf4 16. g3 Bg5 17. Nhf3 Bf6 18. h3 Rfe8 19. Kd1 h5 20. Kc2 g5 21. Nb3 Kg7
22. h4 g4 23. Ne1 Nf8 24. Ng2 Bd7 25. Nf4 Kh6 26. Rhf1 Bh8 27. b5 cxb5 28. Nxd5
Ne6 29. Kc3 Bc6 30. Ne3 Red8 31. Nf5+ Kh7 32. Rfd1 Bf3 33. Rd2 a6 34. Kb4 Kg8
35. Bc2 Kf8 36. Nd6 b6 37. Bf5 a5+ 38. Kxb5 Nc7+ 39. Ka4 b5+ 40. Ka3 b4+ 41. Ka2
Bd5 42. Rc1 a4 43. Nc4 axb3+ 44. Kxb3 Nb5 45. Rcd1 Bf3 46. Kxb4 Nxd4 47. Rxd4
Rxd4 48. Rc1 Bc6 49. b3 Rb8+ 50. Ka3 Rd5 51. Ne3 Rd2 52. Rc2 Ra8+ 53. Kb4 Rb8+
54. Ka3 Rxc2 55. Nxc2 Bd5 56. Ne3 Bxb3 57. c6 Be5 58. Bd7 Bd6+ 59. Kb2 Be6+ 60.
Kc3 Bxd7 61. cxd7 Rd8 62. Nd5 Rxd7 63. Nf6 Be5+ 0-1

[Event "5th HD Bank Cup 2015"]
[Site "Ho Chi Minh City VIE"]
[Date "2015.03.21"]
[Round "7.31"]
[White "Htay Min Lwin"]
[Black "Harini, S."]
[Result "1-0"]
[WhiteElo "2286"]
[BlackElo "2125"]
[WhiteFideId "13001795"]
[BlackFideId "5024919"]
[EventDate "2015.03.17"]

1. Nf3 Nf6 2. g3 d5 3. Bg2 c5 4. O-O Nc6 5. d3 e5 6. c3 Be7 7. Qb3 O-O 8. Nbd2
Rb8 9. Re1 b5 10. h3 h6 11. e4 d4 12. cxd4 cxd4 13. Nf1 Be6 14. Qd1 Rc8 15. Bd2
Nd7 16. g4 Nc5 17. Qe2 Na4 18. Reb1 Re8 19. Ng3 Bf8 20. Nf5 Kh7 21. Ne1 g6 22.
Ng3 Nb4 23. Bxb4 Bxb4 24. a3 Be7 25. Nf3 Qd6 26. Rc1 Nc5 27. Bf1 Nb3 28. Rxc8
Rxc8 29. Rd1 Qc5 30. Kg2 a5 31. Nh1 a4 32. Kg3 f6 33. Ne1 Qc7 34. Kg2 Nc1 35.
Qd2 Nb3 36. Qe2 b4 37. axb4 Bxb4 38. Ng3 Nc1 39. Qf3 Bb3 40. h4 Bxd1 41. Qxd1
Nb3 42. h5 Qc1 43. hxg6+ Kxg6 44. Qf3 Qf4 45. Qe2 Bxe1 46. Qxe1 Qd2 47. Qb1 Rc2
48. Be2 Rxb2 49. Qh1 Qg5 50. Qe1 Qd2 51. Qh1 Qg5 52. Qe1 a3 53. Qb4 Rxe2 54.
Qxb3 Rxf2+ 55. Kxf2 Qe3+ 56. Kg2 Qd2+ 57. Kh3 Kg5 58. Qxa3 Kf4 59. Qa6 Ke3 60.
Nf1+ 1-0

[Event "5th HD Bank Cup 2015"]
[Site "Ho Chi Minh City VIE"]
[Date "2015.03.21"]
[Round "7.32"]
[White "Nguyen, Ngoc Thuy Trang"]
[Black "Pham, Xuan Dat"]
[Result "0-1"]
[WhiteTitle "WCM"]
[WhiteElo "1841"]
[BlackElo "2189"]
[WhiteFideId "12400688"]
[BlackFideId "12401307"]
[EventDate "2015.03.17"]

1. d4 Nf6 2. c4 e6 3. Nc3 Bb4 4. Qb3 Nc6 5. Nf3 Qe7 6. e3 a5 7. Bd3 a4 8. Qc2 e5
9. dxe5 Nxe5 10. Nxe5 Qxe5 11. Bd2 a3 12. Rb1 c5 13. Nb5 Bxd2+ 14. Qxd2 axb2 15.
Qxb2 Qxb2 16. Rxb2 Ke7 17. Nc7 Ra3 18. Be2 Ra4 19. O-O Rd8 20. Rc1 d6 21. Bf3
Rd7 22. Nb5 Rd8 23. Nc3 Ra7 24. Rcb1 Rd7 25. h4 h6 26. e4 Ra3 27. Nd5+ Nxd5 28.
exd5 Rd8 29. Re1+ Kf6 30. Bd1 Rd3 31. Bb3 Bd7 32. Rbe2 b5 33. Re4 Bf5 34. Re7
bxc4 35. Bxc4 Rd4 36. Bb5 Be6 37. R7xe6+ fxe6 38. dxe6 Ke7 39. a4 c4 40. Rc1 d5
41. Bd7 Rxh4 42. a5 Ra8 43. Ra1 Ra7 44. Ra3 d4 45. Bb5 d3 46. Bxc4 Rxc4 47. Rxd3
Kxe6 48. Re3+ Kf7 49. g3 Rxa5 50. Rb3 Rc1+ 51. Kg2 Rc2 52. Rf3+ Kg6 53. g4 Ra4
54. Rg3 Rf4 55. Ra3 Rfxf2+ 56. Kg3 Rg2+ 57. Kh4 Kh7 58. Ra7 Rc3 0-1

[Event "5th HD Bank Cup 2015"]
[Site "Ho Chi Minh City VIE"]
[Date "2015.03.21"]
[Round "7.34"]
[White "Tran, Le Dan Thuy"]
[Black "Vu, Quang Quyen"]
[Result "1/2-1/2"]
[WhiteTitle "WFM"]
[BlackTitle "CM"]
[WhiteElo "2076"]
[BlackElo "1940"]
[WhiteFideId "12403407"]
[BlackFideId "12402168"]
[EventDate "2015.03.17"]

1. d4 Nf6 2. c4 e6 3. Nc3 Bb4 4. Qc2 c5 5. Nf3 Nc6 6. e3 O-O 7. Bd3 d5 8. cxd5
Qxd5 9. O-O Bxc3 10. bxc3 cxd4 11. exd4 b6 12. Bg5 Bb7 13. Rab1 Rac8 14. Bxf6
gxf6 15. Rb5 Nxd4 16. cxd4 Rxc2 17. Rxd5 Rc3 18. Rd7 Bxf3 19. Bb5 Bc6 20. Bxc6
Rxc6 21. Rxa7 Rd8 22. Ra4 b5 23. Rb4 Ra6 24. Ra1 Rd5 25. a4 bxa4 26. Raxa4 Rxa4
27. Rxa4 Kg7 28. Kf1 Kg6 29. Ke2 Rb5 30. Rc4 Rb3 31. Rc5 1/2-1/2

[Event "5th HD Bank Cup 2015"]
[Site "Ho Chi Minh City VIE"]
[Date "2015.03.21"]
[Round "7.35"]
[White "Manaog, Stewart"]
[Black "Le, Minh Tu"]
[Result "1/2-1/2"]
[BlackTitle "FM"]
[WhiteElo "2104"]
[BlackElo "1810"]
[WhiteFideId "5207410"]
[BlackFideId "12404888"]
[EventDate "2015.03.17"]

1. d4 d5 2. Nf3 Nf6 3. g3 c5 4. e3 Nc6 5. Bg2 Bg4 6. h3 Bh5 7. O-O e6 8. b3 cxd4
9. exd4 Rc8 10. Bb2 Be7 11. a3 O-O 12. Nbd2 h6 13. Re1 b5 14. Rc1 Qb6 15. Qe2 a5
16. g4 Bg6 17. Bf1 Na7 18. c3 Rc7 19. Ne5 Bh7 20. f4 Nd7 21. Ndf3 Nxe5 22. Nxe5
Rfc8 23. Qe3 Bh4 24. Red1 Nc6 25. Nf3 Be7 26. Qe2 b4 27. axb4 axb4 28. c4 Na5
29. c5 Qb8 30. Qe3 Ra7 31. Ra1 Bc2 32. Rdc1 Bxb3 33. Rxa5 Rxa5 34. Qxb3 Qxf4 35.
Bg2 Qg3 1/2-1/2

[Event "5th HD Bank Cup 2015"]
[Site "Ho Chi Minh City VIE"]
[Date "2015.03.21"]
[Round "7.36"]
[White "Truong, Anh Kiet"]
[Black "Cho, Seongho"]
[Result "0-1"]
[WhiteElo "1766"]
[BlackElo "2036"]
[WhiteFideId "12405990"]
[BlackFideId "13200550"]
[EventDate "2015.03.17"]

1. e4 c5 2. c3 d5 3. exd5 Qxd5 4. d4 g6 5. Nf3 Bg7 6. Be2 Nh6 7. O-O O-O 8. Bg5
Nf5 9. Qd2 cxd4 10. g4 Nd6 11. Bxe7 Ne4 12. Qf4 Re8 13. Ba3 g5 14. c4 Qd8 15.
Qc1 Bxg4 16. Nbd2 Nc6 17. Re1 Qf6 0-1

[Event "5th HD Bank Cup 2015"]
[Site "Ho Chi Minh City VIE"]
[Date "2015.03.21"]
[Round "7.37"]
[White "Nguyen, Huynh Tuan Hai"]
[Black "Lee, Kyungseok"]
[Result "1-0"]
[WhiteElo "1881"]
[BlackElo "1959"]
[WhiteFideId "12402923"]
[BlackFideId "13202154"]
[EventDate "2015.03.17"]

1. e4 e5 2. Nf3 Nc6 3. Bb5 a6 4. Ba4 Nf6 5. O-O Be7 6. Re1 b5 7. Bb3 O-O 8. d3
d6 9. c3 Na5 10. Bc2 c5 11. Nbd2 Re8 12. h3 Bf8 13. Nf1 g6 14. d4 Bb7 15. d5 Nc4
16. b3 Nb6 17. Ne3 Bc8 18. Bd3 Bd7 19. g4 Qc7 20. Qe2 Reb8 21. c4 b4 22. Nh2 a5
23. g5 Nh5 24. Neg4 Bg7 25. Qf3 Qd8 26. Rb1 a4 27. Nf1 Qe7 28. Ng3 Bxg4 29. Qxg4
Nxg3 30. Qxg3 a3 31. h4 Rf8 32. Kg2 Nd7 33. h5 Rfd8 34. Rh1 Nf8 35. Rh4 Re8 36.
Bd2 Bh8 37. Rbh1 Ra7 38. Be2 Qd8 39. Bg4 Rc7 40. Qh3 Ree7 41. Rf1 Qe8 42. Qg3
Qd8 43. Bh3 Re8 44. Bg4 Ree7 45. Bd1 Re8 46. Qh3 Qd7 47. Bg4 Qd8 48. Qh2 Qe7 49.
hxg6 fxg6 50. Qh3 Qd8 51. Rh1 Ree7 52. Rh6 Rf7 53. Be6 Nxe6 54. Rxg6+ Ng7 55.
Qxh7+ Kf8 56. Qxh8+ 1-0

[Event "5th HD Bank Cup 2015"]
[Site "Ho Chi Minh City VIE"]
[Date "2015.03.21"]
[Round "7.38"]
[White "Nguyen, Tran Ngoc Thuy"]
[Black "Nguyen, Truong Bao Tran"]
[Result "1-0"]
[WhiteTitle "WFM"]
[WhiteElo "1887"]
[BlackElo "1884"]
[WhiteFideId "12400661"]
[BlackFideId "12402311"]
[EventDate "2015.03.17"]

1. e4 c6 2. d4 d5 3. exd5 cxd5 4. Bd3 Nc6 5. c3 Nf6 6. h3 h6 7. Ne2 e6 8. Be3
Bd6 9. f4 a6 10. Nd2 Bd7 11. a3 b5 12. Nf3 Qc7 13. Ne5 Na5 14. b3 Rc8 15. O-O
Nb7 16. a4 O-O 17. c4 bxc4 18. bxc4 dxc4 19. Bxc4 Bxe5 20. fxe5 Ng4 21. hxg4
Qxc4 22. g5 hxg5 23. Bxg5 Qc2 24. Qe1 Bc6 25. Nf4 Qe4 26. Qf2 Na5 27. Rae1 Qh7
28. Re3 Nc4 29. Rh3 Qe4 30. Re1 Qf5 31. Qh4 f6 32. exf6 gxf6 33. Bh6 Kf7 34.
Bxf8 Rxf8 35. Qh7+ Qxh7 36. Rxh7+ Kg8 37. Rc7 Bd5 38. Nxd5 exd5 39. Ree7 Rb8 40.
Rc6 f5 41. Rxa6 1-0

[Event "5th HD Bank Cup 2015"]
[Site "Ho Chi Minh City VIE"]
[Date "2015.03.21"]
[Round "7.39"]
[White "Kebbedies, Frank"]
[Black "Kuich, Gero"]
[Result "1/2-1/2"]
[WhiteElo "1842"]
[BlackElo "1763"]
[WhiteFideId "24606944"]
[BlackFideId "1322079"]
[EventDate "2015.03.17"]

1. d4 Nf6 2. c4 g6 3. Nf3 Bg7 4. g3 O-O 5. Bg2 c6 6. O-O d5 7. Na3 Bf5 8. Qb3 b6
9. Bf4 Nbd7 10. Rac1 Rc8 11. Rfd1 Nh5 12. cxd5 cxd5 13. Qxd5 Nxf4 14. gxf4 Nf6
15. Qxd8 Rfxd8 16. e3 Bg4 17. h3 Bd7 18. Ne5 Be8 19. Bb7 Rb8 20. Bc6 Nd7 21.
Bxd7 Bxd7 22. Nc6 Bxc6 23. Rxc6 Rd7 24. Rdc1 Bf8 25. Nc4 f6 26. Rc2 Kf7 27. Kg2
e6 28. Nd2 Rbb7 29. Kf3 Be7 30. Ne4 Rd8 31. Rc1 Rdd7 32. Ng3 Rd8 33. Ne4 Rdd7
34. Nd2 Rd8 35. Nb1 Rdd7 36. Nc3 Bb4 37. Ne2 Be7 38. a3 Bd8 39. R1c2 Rbc7 40. b4
Rxc6 41. Rxc6 Ke7 42. Ng3 Rd5 43. a4 a6 44. Rc1 Rd7 45. Ne2 a5 46. b5 Rd6 47. e4
Rd7 48. Ke3 Kf7 49. Rc4 Ke7 50. Nc3 Rc7 51. Rxc7+ Bxc7 52. f5 gxf5 53. exf5 Kd6
54. Ke4 Bd8 55. fxe6 Kxe6 56. Ne2 f5+ 57. Kd3 Be7 58. Kc4 Bd6 59. Nc3 Be7 60.
Nd5 Bd8 61. Nf4+ Kd6 62. f3 Bg5 63. Nd5 Bd8 64. Ne3 Ke6 65. Nd5 Kd6 66. Ne3 Ke6
67. d5+ Ke5 68. d6 Kf4 69. Kd3 Kxf3 70. Nxf5 Kf4 71. Nh6 Kg3 72. Nf7 Bf6 73. d7
Kxh3 74. d8=Q Bxd8 75. Nxd8 h5 76. Nf7 Kg3 77. Ng5 Kf4 78. Ne4 h4 79. Nf2 Kf3
80. Nh3 Kg3 81. Ng5 Kf4 82. Ne4 Kf3 83. Kd4 Kf4 84. Nf2 Kf3 85. Ne4 Kf4 1/2-1/2

[Event "5th HD Bank Cup 2015"]
[Site "Ho Chi Minh City VIE"]
[Date "2015.03.21"]
[Round "7.40"]
[White "Frost, Peter"]
[Black "Tran, Thi Mong Thu"]
[Result "0-1"]
[WhiteElo "1821"]
[BlackElo "1934"]
[WhiteFideId "3204634"]
[BlackFideId "12403415"]
[EventDate "2015.03.17"]

1. e4 c5 2. Nf3 d6 3. d4 cxd4 4. Nxd4 Nf6 5. Nc3 a6 6. Bc4 e6 7. Bb3 Be7 8. Be3
O-O 9. Qe2 Qc7 10. O-O-O b5 11. f3 Nc6 12. Nxc6 Qxc6 13. g4 Rb8 14. g5 Nd7 15.
Kb1 Nc5 16. Ka1 a5 17. a4 bxa4 18. Bc4 a3 19. bxa3 Ba6 20. Bxc5 Qxc5 0-1

[Event "5th HD Bank Cup 2015"]
[Site "Ho Chi Minh City VIE"]
[Date "2015.03.21"]
[Round "8.2"]
[White "Le, Quang Liem"]
[Black "Barbosa, Oliver"]
[Result "1-0"]
[WhiteTitle "GM"]
[BlackTitle "GM"]
[WhiteElo "2676"]
[BlackElo "2501"]
[WhiteFideId "12401137"]
[BlackFideId "5201640"]
[EventDate "2015.03.17"]

1. d4 d5 2. c4 c6 3. Nc3 Nf6 4. e3 g6 5. Nf3 Bg7 6. Be2 O-O 7. O-O a6 8. a4 a5
9. b3 Ne4 10. Bb2 Bf5 11. Rc1 Na6 12. cxd5 cxd5 13. Nxe4 Bxe4 14. Ba3 Bf6 15.
Ne5 Bf5 16. g4 Be6 17. f4 Qb6 18. Kg2 Nb4 19. Nd3 Nxd3 20. Qxd3 Rfc8 21. Bf3 h5
22. h3 Kh8 23. Kf2 Qd8 24. f5 gxf5 25. gxf5 Bd7 26. Bxd5 Qg8 27. Qe4 Qg5 28. Ke2
Rxc1 29. Bxc1 Rd8 30. Bxf7 b5 31. Be6 Be8 32. axb5 Bxb5+ 33. Bc4 Bd7 34. Bd2 a4
35. bxa4 Bxa4 36. Qf3 Rc8 37. Bd3 Rg8 38. Bc4 Rc8 39. h4 Qh6 40. Bd3 Rb8 41. Rg1
Qh7 42. Rg6 Be8 43. Qf4 1-0

[Event "5th HD Bank Cup 2015"]
[Site "Ho Chi Minh City VIE"]
[Date "2015.03.21"]
[Round "8.4"]
[White "Pascua, Haridas"]
[Black "Nguyen, Duc Hoa"]
[Result "1/2-1/2"]
[WhiteTitle "IM"]
[BlackTitle "GM"]
[WhiteElo "2423"]
[BlackElo "2516"]
[WhiteFideId "5203953"]
[BlackFideId "12401358"]
[EventDate "2015.03.17"]

1. d4 d5 2. c4 e6 3. Nf3 Nf6 4. Nc3 c6 5. Bg5 Nbd7 6. e3 Qa5 7. Bxf6 Nxf6 8. Bd3
Bb4 9. Qb3 c5 10. dxc5 dxc4 11. Qxc4 Bd7 12. O-O Qxc5 13. Qxc5 Bxc5 14. Rac1 Ke7
15. Ne5 Rhd8 16. Ne4 Bb6 17. Nxf6 Kxf6 18. Nxd7+ Rxd7 19. Rfd1 Rad8 20. Bc2 Rd2
21. Rxd2 Rxd2 22. Kf1 Bc7 23. Bxh7 Be5 24. Rc2 Rxc2 25. Bxc2 Bxb2 1/2-1/2

[Event "5th HD Bank Cup 2015"]
[Site "Ho Chi Minh City VIE"]
[Date "2015.03.21"]
[Round "8.5"]
[White "Gomez, John Paul"]
[Black "Nguyen, Van Huy"]
[Result "1-0"]
[WhiteTitle "GM"]
[BlackTitle "IM"]
[WhiteElo "2524"]
[BlackElo "2452"]
[WhiteFideId "5201381"]
[BlackFideId "12401064"]
[EventDate "2015.03.17"]

1. e4 c6 2. d4 d5 3. e5 Bf5 4. Nd2 e6 5. Nb3 Nd7 6. Nf3 c5 7. dxc5 Bxc5 8. Nxc5
Nxc5 9. Bb5+ Nd7 10. O-O Ne7 11. Nd4 O-O 12. Nxf5 Nxf5 13. Re1 Nc5 14. a4 Rc8
15. Ra3 Qb6 16. g4 Ne7 17. Be3 a6 18. b4 axb5 19. a5 Qa6 20. Bxc5 Rxc5 21. bxc5
b4 22. Rb3 Qxa5 23. Qd4 Nc6 24. Qe3 Qb5 25. c3 Qc4 26. cxb4 Qxg4+ 27. Kh1 f6 28.
exf6 Rxf6 29. b5 Rg6 30. Qh3 Qxh3 31. Rxh3 Nd4 32. c6 bxc6 33. b6 Rf6 34. b7 Rf8
35. Ra3 c5 36. Ra8 Nc6 37. Rxe6 1-0

[Event "5th HD Bank Cup 2015"]
[Site "Ho Chi Minh City VIE"]
[Date "2015.03.21"]
[Round "8.6"]
[White "Laylo, Darwin"]
[Black "Yap, Kim Steven"]
[Result "1/2-1/2"]
[WhiteTitle "GM"]
[BlackTitle "IM"]
[WhiteElo "2499"]
[BlackElo "2389"]
[WhiteFideId "5201330"]
[BlackFideId "5202809"]
[EventDate "2015.03.17"]

1. c4 Nf6 2. Nc3 e5 3. Nf3 Nc6 4. d3 Be7 5. g3 d5 6. cxd5 Nxd5 7. Bd2 O-O 8. Bg2
Be6 9. O-O Nb6 10. Na4 Nxa4 11. Qxa4 Nd4 12. Nxd4 Qxd4 13. Qc2 c6 14. Be3 Qd7
15. Bc5 Bxc5 16. Qxc5 Rfe8 1/2-1/2

[Event "5th HD Bank Cup 2015"]
[Site "Ho Chi Minh City VIE"]
[Date "2015.03.21"]
[Round "8.7"]
[White "Tran, Tuan Minh"]
[Black "Dimakiling, Oliver"]
[Result "1/2-1/2"]
[WhiteTitle "IM"]
[BlackTitle "IM"]
[WhiteElo "2455"]
[BlackElo "2400"]
[WhiteFideId "12401820"]
[BlackFideId "5202248"]
[EventDate "2015.03.17"]

1. d4 Nf6 2. c4 e6 3. Nf3 d5 4. Nc3 Be7 5. Bg5 h6 6. Bh4 Nbd7 7. e3 a6 8. cxd5
exd5 9. Bd3 O-O 10. O-O b5 11. Rc1 Bb7 12. Bb1 Rc8 13. Ne5 b4 14. Nxd7 Nxd7 15.
Bxe7 Qxe7 16. Na4 c5 17. Qc2 g6 18. Nxc5 Nxc5 19. dxc5 a5 20. a3 bxa3 21. bxa3
Rc7 22. Qc3 Rfc8 23. Qxa5 Rxc5 24. Rxc5 Qxc5 25. Qb4 Qxb4 26. axb4 Rc3 27. Rd1
Rb3 28. Bd3 Rxb4 29. Be2 f5 30. Bf3 Kf7 31. g3 Ke6 32. h3 g5 33. Rd2 Ke5 34. Kh2
f4 35. exf4+ gxf4 36. gxf4+ Rxf4 37. Kg3 Rf6 38. Bg2 Rg6+ 39. Kh2 Bc6 40. f4+
Kd6 41. Bf3 Kc5 42. Rc2+ Kd4 43. f5 Rd6 44. Kg3 Ke5 45. Bg4 Bd7 46. Re2+ Kf6 47.
Rd2 d4 48. Kf4 d3 49. Ke3 Bb5 50. Bf3 Kxf5 51. Be4+ Kg5 52. Bxd3 Bxd3 53. Rxd3
Rxd3+ 54. Kxd3 Kh4 55. Ke2 Kxh3 56. Kf1 Kh2 57. Kf2 1/2-1/2

[Event "5th HD Bank Cup 2015"]
[Site "Ho Chi Minh City VIE"]
[Date "2015.03.21"]
[Round "8.8"]
[White "Pitra, Andika"]
[Black "Padmini, Rout"]
[Result "0-1"]
[WhiteTitle "FM"]
[BlackTitle "WGM"]
[WhiteElo "2310"]
[BlackElo "2454"]
[WhiteFideId "7103255"]
[BlackFideId "5029295"]
[EventDate "2015.03.17"]

1. e4 c5 2. Nf3 d6 3. d4 cxd4 4. Nxd4 Nf6 5. Nc3 a6 6. Bc4 e6 7. Bb3 Nbd7 8. Bg5
Nc5 9. O-O Be7 10. Re1 Qc7 11. f4 h6 12. Bh4 Nfxe4 13. Bxe7 Nxc3 14. Qg4 Qxe7
15. Qxg7 Qf8 16. Qxf8+ Rxf8 17. bxc3 Kd8 18. Rad1 Kc7 19. Ne2 Bd7 20. Ng3 a5 21.
Bc4 b5 22. Be2 d5 23. f5 Rac8 24. Bh5 Kd6 25. Re3 Na4 26. Ne4+ Ke7 27. f6+ Kd8
28. Nd6 Rxc3 29. Re2 Kc7 30. Nxf7 Ra3 31. Rf1 Nc3 32. Re3 d4 33. Rh3 Ne2+ 34.
Bxe2 Rxh3 35. gxh3 Rxf7 36. Bh5 Rf8 37. f7 Bc6 38. Rf6 Bd5 39. a3 b4 40. axb4
axb4 41. Kf1 Kd6 42. Ke2 Ke5 43. Rxh6 Be4 44. Kd2 Bf5 45. h4 Be4 46. Kc1 Rc8 47.
Kb2 Rxc2+ 48. Kb3 Rc8 49. Kxb4 Bf5 50. Kb5 d3 51. Kb4 d2 52. Bd1 Kd4 53. Rf6 Rf8
54. h5 Ke5 55. Rh6 Kf4 56. h4 Bg4 57. Rf6+ Bf5 58. Kc3 Ke5 59. Rh6 Rxf7 60. Kxd2
Rf8 61. Bb3 Rd8+ 62. Ke2 Rb8 63. Bc4 Rb4 64. Ba6 Rxh4 65. Rh8 Kf4 66. Bc8 Rh2+
67. Kd1 Bc2+ 68. Kc1 e5 69. Rf8+ Ke3 70. Bg4 Bd3 71. Bd1 Rh1 72. Rf3+ Kd4 73.
Rf6 Be2 74. Rd6+ Ke3 75. h6 e4 76. Rd2 Bxd1 77. Rxd1 Rxh6 78. Rf1 Ke2 79. Rf8
Rc6+ 80. Kb2 e3 81. Rf7 Kd2 82. Rd7+ Ke1 83. Rf7 e2 84. Rf8 Rc5 85. Kb3 Kd2 86.
Rd8+ Ke3 87. Re8+ Kd3 88. Kb2 Rc4 0-1

[Event "5th HD Bank Cup 2015"]
[Site "Ho Chi Minh City VIE"]
[Date "2015.03.21"]
[Round "8.9"]
[White "Karthikeyan, P."]
[Black "Vo, Dai Hoai Duc"]
[Result "1-0"]
[WhiteTitle "IM"]
[WhiteElo "2452"]
[BlackElo "2195"]
[WhiteFideId "5018226"]
[BlackFideId "12400033"]
[EventDate "2015.03.17"]

1. d4 Nf6 2. c4 c5 3. d5 e6 4. Nc3 exd5 5. cxd5 d6 6. e4 g6 7. Nf3 a6 8. a4 Bg4
9. Qb3 Qe7 10. Nd2 Bg7 11. f3 Bc8 12. Nc4 O-O 13. Bf4 Rd8 14. Nb6 Nh5 15. Nxa8
Nxf4 16. Nb6 Qc7 17. g3 Nh5 18. Bg2 c4 19. Nxc4 Qc5 20. Qb6 Qxb6 21. Nxb6 Nd7
22. Nxc8 Rxc8 23. Bh3 Nhf6 24. Ke2 Rc4 25. Rhc1 Nc5 26. e5 dxe5 27. Ne4 Ncxe4
28. Rxc4 Nd6 29. Rc7 Kf8 30. Ra3 e4 31. Rb3 b5 32. Rc6 exf3+ 33. Rxf3 Nfe4 34.
Re3 f5 35. Bg2 Bxb2 36. Bxe4 Nxe4 37. Rxe4 fxe4 38. a5 Bd4 39. Rxa6 b4 40. Rb6 1-0

[Event "5th HD Bank Cup 2015"]
[Site "Ho Chi Minh City VIE"]
[Date "2015.03.21"]
[Round "8.10"]
[White "Torre, Eugenio"]
[Black "Bersamina, Paulo"]
[Result "1-0"]
[WhiteTitle "GM"]
[BlackTitle "IM"]
[WhiteElo "2449"]
[BlackElo "2359"]
[WhiteFideId "5200016"]
[BlackFideId "5206995"]
[EventDate "2015.03.17"]

1. d4 d5 2. Bf4 c5 3. e3 Nc6 4. c3 Qb6 5. Qb3 c4 6. Qc2 e5 7. dxe5 Bf5 8. Qc1 g5
9. Bg3 h5 10. h3 Bg7 11. Nf3 g4 12. hxg4 hxg4 13. Rxh8 Bxh8 14. Nd4 Nge7 15. Be2
Bxe5 16. Bh4 f6 17. g3 Bd7 18. Qc2 O-O-O 19. b3 cxb3 20. axb3 Rg8 21. Bd3 Kb8
22. Nd2 Be8 23. b4 Ng6 24. Bxg6 Bxg6 25. Qa4 Be8 26. Qa2 Bf7 27. Kf1 Nxd4 28.
exd4 Bc7 29. Kg1 Ka8 30. Ne4 a6 31. Nxf6 Rh8 32. Nd7 Qc6 33. Nc5 Qd6 34. Kf1 Be8
35. Qe2 Ka7 36. Qxg4 Bb5+ 37. Kg1 Re8 38. Bg5 Be2 39. Qd7 Qxd7 40. Nxd7 Bf3 41.
Bh4 Re2 42. Rc1 b6 43. Bg5 Re8 44. Bh4 Re2 45. Kf1 Kb7 46. Bg5 Re8 47. Bf4 Bxf4
48. gxf4 Be2+ 49. Ke1 Bb5+ 50. Ne5 Rf8 51. f3 Rxf4 52. Kf2 Rf8 53. Ke3 a5 54.
bxa5 bxa5 55. c4 dxc4 56. Nxc4 Ka6 57. Nd6 a4 58. Rc5 Bd7 59. d5 Rb8 60. Rc3 Ka5
61. Rc7 Bb5 62. Kd4 Ba6 63. Nc4+ Bxc4 64. Kxc4 Rb4+ 65. Kc5 Rb5+ 66. Kd4 Rb6 67.
Ra7+ Kb4 68. Ke5 Rb8 69. d6 Re8+ 70. Kd5 Rf8 71. Ke4 Kc5 72. d7 Kd6 73. f4 Rb8
74. Kf5 Ke7 75. Rxa4 Kxd7 76. Re4 Kd6 77. Kf6 Kd5 78. Re5+ Kd4 79. Re6 Rf8+ 80.
Kg5 1-0

[Event "5th HD Bank Cup 2015"]
[Site "Ho Chi Minh City VIE"]
[Date "2015.03.21"]
[Round "8.11"]
[White "Rakhmanov, Aleksandr"]
[Black "Hoang, Canh Huan"]
[Result "1-0"]
[WhiteTitle "GM"]
[BlackTitle "FM"]
[WhiteElo "2639"]
[BlackElo "2348"]
[WhiteFideId "4173708"]
[BlackFideId "12400599"]
[EventDate "2015.03.17"]

1. Nf3 Nf6 2. g3 b5 3. Bg2 Bb7 4. d3 e6 5. e4 d6 6. O-O Nbd7 7. Nbd2 c5 8. b3 g6
9. Bb2 Bg7 10. Qe2 O-O 11. a4 a6 12. h3 Bc6 13. a5 Re8 14. c3 e5 15. Ne1 Rc8 16.
h4 d5 17. c4 d4 18. Bh3 Rc7 19. Bc1 Nb8 20. Ndf3 Bd7 21. Bxd7 Rxd7 22. Bg5 Rb7
23. h5 Qd6 24. Bxf6 Qxf6 25. Nh2 bxc4 26. bxc4 Nd7 27. Ng2 Reb8 28. f4 Rb2 29.
Qf3 exf4 30. gxf4 Qc6 31. hxg6 hxg6 32. Ng4 f5 33. exf5 Qxf3 34. Rxf3 gxf5 35.
Nh2 Rb1+ 36. Rxb1 Rxb1+ 37. Nf1 Bf6 38. Kh2 Ra1 39. Ng3 Rxa5 40. Nxf5 Ra3 41.
Rf2 Kf7 42. Ne1 a5 43. Nd6+ Ke7 44. Nb5 Ra1 45. Re2+ Kf7 46. Kg3 a4 47. Kf3 Bh4
48. Ng2 Be7 49. Re1 Ra2 50. f5 a3 51. Nf4 Rh2 52. Nxa3 Bh4 53. Re2 Rh1 54. Nd5
Rf1+ 55. Ke4 Bg3 56. Nc2 Nf6+ 57. Nxf6 Kxf6 58. Kd5 Rxf5+ 59. Kc6 Rf3 60. Rd2
Rf5 61. Rd1 Ke7 62. Na1 Rf6+ 63. Kxc5 Bf2 64. Rf1 Ke6 65. Nb3 Rf5+ 66. Kc6 Ke5
67. Nc5 Rf6+ 68. Kb5 Rf4 69. Ne4 1-0

[Event "5th HD Bank Cup 2015"]
[Site "Ho Chi Minh City VIE"]
[Date "2015.03.21"]
[Round "8.12"]
[White "Sadorra, Julio Catalino"]
[Black "Le, Tuan Minh"]
[Result "0-1"]
[WhiteTitle "GM"]
[BlackTitle "FM"]
[WhiteElo "2548"]
[BlackElo "2393"]
[WhiteFideId "5201268"]
[BlackFideId "12401153"]
[EventDate "2015.03.17"]

1. d4 d5 2. c4 c6 3. Nf3 Nf6 4. g3 Bf5 5. Nc3 e6 6. Nh4 Be4 7. f3 Bg6 8. Qb3 b6
9. Nxg6 hxg6 10. Bg2 Nbd7 11. cxd5 cxd5 12. O-O Be7 13. e4 dxe4 14. fxe4 e5 15.
Nd5 O-O 16. Nxe7+ Qxe7 17. d5 Rfc8 18. Be3 Nc5 19. Qb4 Qd6 20. Rac1 Ncxe4 21.
Rxc8+ Rxc8 22. Qa4 Nc5 23. Qxa7 e4 24. Bh3 Re8 25. b4 Nd3 26. a3 b5 27. a4 Qxd5
28. a5 Nxb4 29. Qb6 Qh5 30. Rxf6 gxf6 31. Bf1 Kg7 32. Bxb5 Rh8 33. Bd4 Qxh2+ 34.
Kf1 Qh1+ 35. Ke2 Qf3+ 36. Kd2 Rh2+ 37. Kc1 Rc2+ 38. Kb1 Qd1# 0-1

[Event "5th HD Bank Cup 2015"]
[Site "Ho Chi Minh City VIE"]
[Date "2015.03.21"]
[Round "8.13"]
[White "Cao, Sang"]
[Black "Tin, Jingyao"]
[Result "0-1"]
[WhiteTitle "GM"]
[BlackTitle "FM"]
[WhiteElo "2480"]
[BlackElo "2326"]
[WhiteFideId "725056"]
[BlackFideId "5804418"]
[EventDate "2015.03.17"]

1. d4 Nf6 2. Nf3 d5 3. Bf4 c5 4. c3 Qb6 5. Qb3 Nc6 6. e3 c4 7. Qc2 Bf5 8. Qc1
Nh5 9. Be2 Nxf4 10. exf4 e6 11. O-O Bd6 12. Re1 O-O 13. g3 h6 14. Nbd2 Qc7 15.
Nf1 b5 16. Ne3 Be4 17. Ne5 Rab8 18. Bd1 b4 19. f3 Bh7 20. Bc2 Bxc2 21. Qxc2 f5
22. Nxc6 Qxc6 23. Ng2 Bc7 24. Re2 Qa6 25. Qc1 Rb6 26. g4 bxc3 27. bxc3 Qa4 28.
Qe1 fxg4 29. fxg4 Bxf4 30. Rb1 Rxb1 31. Qxb1 Qa3 32. Qe1 Qc1 33. Nxf4 Qxf4 34.
h3 h5 35. gxh5 Qf5 36. Rxe6 Qxh3 37. Re5 Qg4+ 38. Kh2 Rf3 39. Re8+ Kh7 40. Qb1+
Rd3 41. Re5 Qf4+ 42. Kg2 Kh6 43. Re6+ Kg5 44. Re5+ Kg4 45. Qe1 Rg3+ 0-1